| 000 | 00898cam a22002651a 4500 | ||
|---|---|---|---|
| 001 | 28849 | ||
| 003 | BD-RjUL | ||
| 005 | 20211209051334.0 | ||
| 008 | 140401s1939 nyu b 001 0 eng d | ||
| 035 | _a(BD-RjUL)28933 | ||
| 035 | _a(OCoLC)498177 | ||
| 040 |
_aDLC _cOYU _dOCoLC _dPPiU _dDLC _dBD-RjUL _beng |
||
| 041 | _aeng | ||
| 082 | 0 | 0 |
_a190 _bBUI 1939 |
| 100 | 1 |
_aBurgess, Joseph B. _q(Joseph Bell), _d1902- _988216 |
|
| 245 | 1 | 0 |
_aIntroduction to the history of philosophy / _cby Joseph B. Burgess. |
| 250 | _a1st ed. | ||
| 260 |
_aNew York ; _aLondon : _bMcGraw-Hill Book Company, _c1939. |
||
| 300 |
_axi, 628 p. ; _c24 cm. |
||
| 504 | _a"Parallel readings" at end of each chapter. "Reference title": p. 615-617. "Glossary of philosophical terms": p. 619-624. and Index | ||
| 650 | 0 |
_aPhilosophy _xHistory. _988217 |
|
| 942 |
_2ddc _cBK |
||
| 999 |
_c28849 _d28849 |
||